El Estado en sus relaciones sociales e individuales : (Registro nro. 188384)
[ vista simple ]
| 000 -LEADER | |
|---|---|
| campo de control de longitud fija | 00894nam a2200193 i 4500 |
| 001 - NÚMERO DE CONTROL | |
| campo de control | 188384 |
| 003 - IDENTIFICADOR DE NÚMERO DE CONTROL | |
| campo de control | ES-MaACL |
| 005 - FECHA Y HORA DE LA ÚLTIMA TRANSACCIÓN | |
| campo de control | 20250830095403.0 |
| 008 - DATOS DE LONGITUD FIJA--INFORMACIÓN GENERAL | |
| campo de control de longitud fija | 180907s1858 sp |||| | spa d |
| 100 0# - ENTRADA PRINCIPAL--NOMBRE DE PERSONA | |
| Nombre de persona | Alzugaray y Yanguas, Ricardo. |
| 9 (RLIN) | 21066 |
| 245 13 - MENCIÓN DEL TÍTULO | |
| Título | El Estado en sus relaciones sociales e individuales : |
| Resto del título | disertación leída en la Universidad Central en el solemne acto de recibir la investidura de Doctor en la Facultad de Jurisprudencia / |
| Mención de responsabilidad, etc. | por el Ldo. Ricardo Alzugaray y Yanguas. |
| 260 ## - PUBLICACIÓN, DISTRIBUCIÓN, ETC. | |
| Lugar de publicación, distribución, etc. | [S.l.] : |
| Nombre del editor, distribuidor, etc. | [s.n.], |
| Fecha de publicación, distribución, etc. | 1858 ( |
| Lugar de fabricación/manufactura | Madrid : |
| Fabricante | Estab. Tip. de J. Casas y Díaz) |
| 300 ## - DESCRIPCIÓN FÍSICA | |
| Extensión | 42 p. ; |
| Dimensiones | 25 cm. |
| 530 ## - NOTA DISPONIBLE DE FORMULARIO FÍSICO ADICIONAL | |
| Nota de formato físico adicional disponible | Disponible en formato digital. |
| 650 07 - PUNTO DE ACCESO ADICIONAL DE MATERIA--TÉRMINO DE MATERIA | |
| Término de materia o nombre geográfico como elemento de entrada | Estado |
| Fuente del encabezamiento o término | embne |
| 9 (RLIN) | 12523 |
| 852 ## - LOCALIZACIÓN | |
| Ubicación | ES-MaACL |
| Número de control de estantería | T-384-F-12 |
| Nota libre | .- Donat. Sr. Saenz Diez |
| 856 ## - LOCALIZACIÓN Y ACCESO ELECTRÓNICOS | |
| Identificador Uniforme de Recursos | <a href="http://bdh-rd.bne.es/viewer.vm?id=0000140384&page=1 ">http://bdh-rd.bne.es/viewer.vm?id=0000140384&page=1 </a> |
| Nota pública | Biblioteca Digital Hispánica |
| Estatus retirado | Estado de pérdida | Estado de daño | No para préstamo | Colección | Biblioteca de origen | Biblioteca actual | Ubicación en estantería | Fecha de adquisición | Fuente de adquisición | Total de préstamos | Signatura topográfica completa | Código de barras | Visto por última vez | Precio de reemplazo | Tipo de ítem Koha |
|---|---|---|---|---|---|---|---|---|---|---|---|---|---|---|---|
| Colección de folletos | Biblioteca del Ateneo de Madrid | Biblioteca del Ateneo de Madrid | Depósito folletos | 07/09/2018 | T-384-F-12 | 1199282 | 23/02/2023 | 23/02/2023 | Folleto |
